000 00691nam a22002297a 4500
005 20230512221552.0
008 180228t xxu||||| |||| 00| 0 eng d
020 _a9781435413269
040 _cCSPC
082 0 _a006.6869
_bB657a
100 _aBotello, Chris
_eauthor.
245 0 0 _aAdvanced adobe photoshop CS3 revealed
_cChris Botello
260 _aUSA :
_bCengage Learning,
_c2009.
300 _av, I.23 pages :
_bfigures, images ;
_c19 cm.
500 _aIncludes Index.
650 1 0 _aAdobe Photoshop.
700 1 _aBotello, Chris
_eauthor.
940 _a123
942 _cBOOK
_jCIR 006.6869 B657a 2009
999 _c2225
_d2225